[Event "TCh-HUN 2007-8"]
[Site "Budapest HUN"]
[Date "2007.10.14"]
[Round "1"]
[White "Nagy,Danie"]
[Black "Rigo,Ja"]
[Result "0-1"]
[WhiteElo "2265"]
[BlackElo "2286"]

1.d4 Nf6 2.c4 e6 3.Nf3 b6 4.g3 Ba6 5.b3 b5 6.Bg2 bxc4 7.Ne5 c6 8.bxc4 Bb4+
9.Bd2 Bd6 10.Bc3 O-O 11.Nd2 Qc7 12.Nd3 Be7 13.O-O d5 14.Qa4 Nfd7 15.Ba5 Nb6
16.Qc2 Qc8 17.c5 N6d7 18.Rfe1 Bf6 19.Bc3 Re8 20.e4 g6 21.Rab1 Bg7 22.Nb4 Bb7
23.exd5 cxd5 24.Ba1 a5 25.Nd3 Nc6 26.Nf3 Ba6 27.a3 Bc4 28.Bf1 a4 29.Nb4 Bb3
30.Qd3 Bc4 31.Qd2 Na5 32.Bxc4 Nxc4 33.Qd3 Bh6 34.Bb2 Bg7 35.Ba1 Nf6 36.Nd2 Nxd2
37.Qxd2 Ne4 38.Qd3 Bh6 39.Re2 f5 40.f3 Ng5 41.Rbe1 Qd7 42.Bc3 Bg7 43.Kg2 h6
44.Bd2 Nh7 45.Bf4 g5 46.Be5 Bf8 47.Rb2 Bg7 48.Bxg7 Kxg7 49.Qe3 Nf6 50.Nd3 g4
51.Reb1 gxf3+ 52.Qxf3 Ra7 53.Ne5 Qc8 54.c6 Ree7 55.Rb8 Qa6 56.R1b2 Rac7 57.Qe3 Rxc6
58.Nxc6 Qxc6 59.Qe5 Qc3 60.Qd6 Rf7 61.R2b7 Rxb7 62.Rxb7+ Kg6 63.Qf8 Qd2+
64.Kh3 f4 65.Qg7+ Kf5 66.g4+ Ke4 67.Qxf6 Kf3  0-1

[Event "TCh-ROU Superliga"]
[Site "Predeal ROU"]
[Date "2007.10.19"]
[Round "7"]
[White "Georgescu,T"]
[Black "Baratosi,D"]
[Result "1/2-1/2"]
[WhiteElo "2366"]
[BlackElo "2448"]

1.d4 Nf6 2.c4 e6 3.Nf3 b6 4.g3 Ba6 5.Qc2 Bb4+ 6.Nbd2 O-O 7.Bg2 Bb7 8.O-O Bxd2
9.Qxd2 d6 10.b4 Nbd7 11.Bb2 Re8 12.Rfd1 Qc8 13.Rac1 Be4 14.c5 Qa6 15.a3 b5
16.Qf4 Rac8 17.g4 Nf8 18.h4 Ng6 19.Qg3 h5 20.g5 Nd5 21.Ne1  1/2-1/2

[Event "22nd GP Open A"]
[Site "Le Touquet FRA"]
[Date "2007.10.29"]
[Round "3"]
[White "Le Roux,JP"]
[Black "Therkildsen,T"]
[Result "1-0"]
[WhiteElo "2477"]
[BlackElo "2298"]

1.d4 Nf6 2.Nf3 e6 3.c4 b6 4.g3 Ba6 5.Qc2 Bb7 6.Bg2 c5 7.d5 exd5 8.cxd5 Bxd5
9.Nc3 Bc6 10.O-O Be7 11.e4 O-O 12.Rd1 Na6 13.Nh4 g6 14.Qe2 Qc8 15.e5 Ne8
16.Nd5 Bxd5 17.Bxd5 Rb8 18.Qg4 Bxh4 19.Qxh4 Ng7 20.Bg5 Nc7 21.Be4 Re8 22.Qh6 Re6
23.f4 Nge8 24.Rd3 c4 25.Rf3 Nd5 26.g4 Qc5+ 27.Kh1 f6 28.f5 Rxe5 29.fxg6 hxg6
30.Qxg6+ Ng7 31.Bh6 Qf8 32.Raf1 Rxe4 33.Qxe4 Qf7 34.Bxg7 Kxg7 35.g5 Rh8 36.gxf6+ Kf8
37.Qe5 Rh6 38.Qb8+ Qe8 39.Qd6+  1-0

[Event "7th Rohde Open"]
[Site "Sautron FRA"]
[Date "2007.10.29"]
[Round "4"]
[White "Maze,S"]
[Black "Vavrak,P"]
[Result "1-0"]
[WhiteElo "2576"]
[BlackElo "2454"]

1.d4 Nf6 2.c4 e6 3.Nf3 b6 4.g3 Ba6 5.b3 Bb4+ 6.Bd2 Be7 7.Bg2 c6 8.O-O d5
9.Qc2 O-O 10.Bf4 Nh5 11.Bxb8 Rxb8 12.e4 dxc4 13.Rd1 cxb3 14.axb3 Qc8 15.Ne5 Bb7
16.Rxa7 Nf6 17.Nc3 Nd7 18.Nxd7 Qxd7 19.d5 Bf6 20.e5 Bxe5 21.dxc6 Qc8 22.Nb5 Ba6
23.Nd6 Bxd6 24.Rxd6 Ra8 25.Rxa8 Qxa8 26.c7 Qa7 27.Be4 g6 28.Qc6 Be2 29.h4  1-0

[Event "22nd GP Open A"]
[Site "Le Touquet FRA"]
[Date "2007.10.30"]
[Round "5"]
[White "Brodsky,M"]
[Black "D'Costa,L"]
[Result "1/2-1/2"]
[WhiteElo "2597"]
[BlackElo "2395"]

1.d4 Nf6 2.c4 e6 3.Nf3 b6 4.g3 Ba6 5.b3 b5 6.Nbd2 bxc4 7.bxc4 c5 8.Bg2 Bb7
9.Rb1 Qc8 10.e4 cxd4 11.e5 Ng8 12.O-O Nh6 13.Re1 Nf5 14.g4 Ne7 15.Nxd4 Bxg2
16.Kxg2 Ng6 17.Ne4 Be7 18.Bg5 O-O 19.Bxe7 Nxe7 20.Nd6 Qd8 21.Qd2 Nbc6 22.Nxc6 Nxc6
23.Rbd1 f6 24.exf6 Qxf6 25.Qe3 Ne5 26.Qxe5 Qf3+ 27.Kg1 Qxf2+ 28.Kh1 Qf3+  1/2-1/2

[Event "7th Rohde Open"]
[Site "Sautron FRA"]
[Date "2007.10.31"]
[Round "6"]
[White "Das,Arg"]
[Black "Vavrak,P"]
[Result "1/2-1/2"]
[WhiteElo "2367"]
[BlackElo "2454"]

1.d4 Nf6 2.c4 e6 3.Nf3 b6 4.g3 Ba6 5.Qa4 Bb7 6.Bg2 Be7 7.O-O O-O 8.Nc3 Ne4
9.Nxe4 Bxe4 10.Nh4 Bxg2 11.Nxg2 f5 12.Rd1 Bf6 13.Be3 Qe7 14.Rac1 Nc6 15.a3 e5
16.dxe5 Nxe5 17.Bf4 d6 18.Qc2 g5  1/2-1/2

[Event "6th North Am FIDE Inv"]
[Site "Chicago USA"]
[Date "2007.11.03"]
[Round "9"]
[White "Muhammad,St"]
[Black "Tsyganov,I"]
[Result "1-0"]
[WhiteElo "2384"]
[BlackElo "2265"]

1.d4 Nf6 2.c4 e6 3.Nf3 b6 4.g3 Ba6 5.b3 d5 6.Bg2 Nbd7 7.Nbd2 Bd6 8.O-O O-O
9.Bb2 Rc8 10.Ne5 Bb7 11.cxd5 exd5 12.Ndc4 Be7 13.Ne3 Re8 14.Rc1 c6 15.Bh3 Rc7
16.Qc2 Bd6 17.f4 c5 18.Nf5 cxd4 19.Nxd6 Rxc2 20.Rxc2 Nc5 21.Nxe8 Qxe8 22.Bxd4 Ne6
23.e3 h5 24.Bxe6 Qxe6 25.Rc7 Ba6 26.f5 Qe8 27.Rfc1 Ng4 28.Nxf7  1-0

[Event "KNSB TCh-NED 2007-8"]
[Site "Netherlands NED"]
[Date "2007.11.03"]
[Round "3"]
[White "Ikonnikov,Vy"]
[Black "Bakker,S"]
[Result "1-0"]
[WhiteElo "2555"]
[BlackElo "2244"]

1.d4 Nf6 2.Nf3 e6 3.c4 b6 4.g3 Ba6 5.Qa4 c6 6.Nc3 Be7 7.Bg2 O-O 8.O-O d5
9.cxd5 cxd5 10.Bf4 Qd7 11.Qxd7 Nbxd7 12.Rfc1 Bb4 13.a4 Bxc3 14.Rxc3 Rfc8
15.Bf1 Rxc3 16.bxc3 Ne4 17.Bd2 Bc4 18.Be1 f6 19.Nh4 Rc8 20.Ng2 Kf7 21.f3 Nd6
22.Kf2 a6 23.Ne3 g5 24.Nxc4 Nxc4 25.e4 h6 26.Bd3 Rc7 27.Rb1 Na3 28.Rb3 Nc4
29.Ke2 Rb7 30.g4 b5 31.Bg3 Ndb6 32.axb5 a5 33.Bb1 a4 34.Rb4 a3 35.Ba2 Ra7
36.Kd3 Ke7 37.Rb1 Nb2+ 38.Kc2 Kd7 39.h4 N6c4 40.hxg5 hxg5 41.Rh1 Ra5 42.Rh7+ Ke8
43.Rb7 Ne3+ 44.Kb1 Na4 45.Be1 Nc4 46.Bxc4 dxc4 47.Ka2 Nb2 48.Bd2 Nd3 49.e5 fxe5
50.dxe5 Nxe5 51.Bxg5 Nxf3 52.Be3 Ne5 53.g5 Kf8 54.Bc5+ Kg8 55.Bb4 Ra4 56.Bc5 Nd3
57.Be3 Ra5 58.g6 Ne5 59.Bd4 Nd3 60.Rb8+  1-0

[Event "VIII Int Rapid"]
[Site "El Sauzal ESP"]
[Date "2007.11.04"]
[Round "7"]
[White "Amil Serantes,J"]
[Black "Villavicencio,A"]
[Result "1/2-1/2"]
[WhiteElo "2199"]
[BlackElo "2381"]

1.d4 Nf6 2.Nf3 e6 3.c4 b6 4.g3 Ba6 5.b3 Bb4+ 6.Bd2 Be7 7.Qc2 c6 8.Bc3 d5
9.Nbd2 Nbd7 10.e4 O-O 11.Bd3 h6 12.e5 Ne8 13.h4 Nc7 14.g4 c5 15.g5 cxd4 16.Bxd4 dxc4
17.bxc4 Nc5 18.gxh6 gxh6 19.Bh7+ Kh8 20.O-O-O Qe8 21.Rdg1 Qa4 22.Rg4 Qxc2+
23.Bxc2  1/2-1/2

[Event "VIII Int Rapid"]
[Site "El Sauzal ESP"]
[Date "2007.11.04"]
[Round "8"]
[White "Sanjuan Morigosa,I"]
[Black "Perera,P"]
[Result "0-1"]
[WhiteElo "2009"]
[BlackElo "2231"]

1.d4 Nf6 2.c4 e6 3.Nf3 b6 4.g3 Ba6 5.Qc2 Bb7 6.Bg2 c5 7.dxc5 bxc5 8.O-O Be7
9.Bf4 O-O 10.Rd1 Nc6 11.Nc3 a6 12.Ne5 Nd4 13.Rxd4 Bxg2 14.Rd2 Bb7 15.Qb3 Qc8
16.Na4 d6 17.Nb6 Qe8 18.Nxa8 dxe5 19.Nc7 Qc6 20.Nd5 exd5 21.Bxe5 dxc4 22.Qf3 Qc8
23.Qf4 Qh3 24.f3 Nd5 25.Qg4 Qxg4 26.fxg4 f6 27.Bf4 g5 28.e4 gxf4 29.exd5 Rd8  0-1

[Event "ch-IND w"]
[Site "Pune IND"]
[Date "2007.11.07"]
[Round "3"]
[White "Sachdev,T"]
[Black "Gomes,Ma"]
[Result "1-0"]
[WhiteElo "2413"]
[BlackElo "2262"]

1.d4 Nf6 2.Nf3 e6 3.c4 b6 4.g3 Ba6 5.b3 Bb4+ 6.Bd2 Be7 7.Bg2 c6 8.Bc3 d5
9.Ne5 Nfd7 10.Nxd7 Nxd7 11.Nd2 O-O 12.O-O Rc8 13.e4 c5 14.exd5 exd5 15.dxc5 dxc4
16.c6 cxb3 17.Re1 b2 18.Bxb2 Nc5 19.Nc4 Bxc4 20.Qg4 g6 21.Qxc4 Nd3 22.Rxe7 Nxb2
23.Qe2 Qd4 24.Re4 Qc3 25.Rb1 Nd3 26.Re3 Rfd8 27.Bf1  1-0

[Event "ch-IND w"]
[Site "Pune IND"]
[Date "2007.11.08"]
[Round "4"]
[White "Karavade,E"]
[Black "Sachdev,T"]
[Result "1/2-1/2"]
[WhiteElo "2331"]
[BlackElo "2413"]

1.d4 Nf6 2.c4 e6 3.Nf3 b6 4.g3 Ba6 5.Qc2 c5 6.d5 exd5 7.cxd5 Bb7 8.Bg2 Nxd5
9.Qb3 Nf6 10.Ne5 d5 11.Nc3 Be7 12.Bf4 O-O 13.Rd1 Qc8 14.Nxd5 Nxd5 15.Bxd5 Bxd5
16.Qxd5 Na6 17.a3 Nc7 18.Qd7 Bf6 19.Ng4 Bd4 20.Qxc8 Raxc8 21.Be5 Ne6 22.e3 Bxe5
23.Nxe5 Rfd8  1/2-1/2

[Event "TCh-HUN 2007-8"]
[Site "Budapest HUN"]
[Date "2007.11.11"]
[Round "2"]
[White "Szabo,Zso3"]
[Black "Cao Sang"]
[Result "0-1"]
[WhiteElo "2342"]
[BlackElo "2488"]

1.d4 Nf6 2.c4 e6 3.Nf3 b6 4.g3 Ba6 5.Qa4 Bb7 6.Bg2 Be7 7.O-O O-O 8.Nc3 Ne4
9.Nxe4 Bxe4 10.Ne1 Bxg2 11.Nxg2 c5 12.Be3 Qc7 13.Rfd1 d6 14.Rac1 Nd7 15.Nf4 Nf6
16.dxc5 bxc5 17.Bd2 Ne4 18.Be1 Bg5 19.e3 Bxf4 20.exf4 e5 21.fxe5 dxe5 22.h4 Qb6
23.Qc2 f5 24.Rd5 Rae8 25.Rcd1 Qg6 26.Rd7 Qg4 27.Rxa7 Nf6 28.b4 f4 29.bxc5 e4
30.Bc3 e3 31.Rd4 e2 32.Rxf4 e1=Q+ 33.Bxe1 Rxe1+ 34.Kg2 Qe6 35.Qf5 Qe2  0-1

[Event "Open"]
[Site "Liberec CZE"]
[Date "2007.11.11"]
[Round "2"]
[White "Boskova,H"]
[Black "Vavra,P2"]
[Result "0-1"]
[WhiteElo "1976"]
[BlackElo "2125"]

1.d4 Nf6 2.c4 e6 3.Nf3 b6 4.g3 Ba6 5.b3 b5 6.cxb5 Bxb5 7.Nc3 Ba6 8.Bg2 d5
9.O-O Nbd7 10.Bg5 c5 11.dxc5 Bxc5 12.Re1 O-O 13.e3 Qa5 14.Bxf6 Nxf6 15.Qc2 Bb4
16.Rec1 Rac8 17.a3 Bxc3 18.b4 Bxa1 19.bxa5 Rxc2 20.Rxc2 Rc8 21.Rxc8+ Bxc8
22.Bf1 Bc3 23.a6 Ne4  0-1

[Event "Open"]
[Site "Liberec CZE"]
[Date "2007.11.16"]
[Round "8"]
[White "Porat,Ma"]
[Black "Kikinder,R"]
[Result "1-0"]
[WhiteElo "2198"]
[BlackElo "2111"]

1.d4 Nf6 2.c4 e6 3.Nf3 b6 4.g3 Ba6 5.b3 Bb4+ 6.Bd2 Be7 7.Bg2 d5 8.Ne5 Ne4
9.Qc2 Bb7 10.Nc3 f6 11.Ng4 Nc6 12.cxd5 exd5 13.Nxe4 Nxd4 14.Qb2 dxe4 15.Rd1 Nb5
16.O-O Qd4 17.Qc2 f5 18.Ne3 Qe5 19.Bc1 Nd4 20.Rxd4 Qxd4 21.Qxc7 Qd7 22.Qe5 O-O
23.Rd1 Qe8 24.Nxf5 Bf6 25.Qf4 Qe5 26.Qg4 Bc8 27.Nh6+ Kh8 28.Qxe4 Qxe4 29.Bxe4 Rb8
30.Bf4 Bb7 31.Bxb8 Bxe4 32.Bd6 Re8 33.Ng4 Rd8 34.Nxf6 gxf6 35.Rd4 Bg6 36.Be5 Rf8
37.Bd6 Rf7 38.e4 Kg7 39.g4 Rd7 40.f3 Kf7 41.Be5 Rxd4 42.Bxd4 Ke6 43.Kf2 Be8
44.Ke3 Bb5 45.f4 Bf1 46.h4 Bh3 47.f5+ Ke7 48.Kf4 Bf1 49.g5 fxg5+ 50.hxg5 Bd3
51.e5 Bb1 52.a3 Bc2 53.b4 Bb1 54.e6 Kd6 55.Be5+ Ke7 56.Bb8 a5 57.Ke5 Ke8
58.f6 Bg6 59.f7+ Bxf7 60.exf7+ Kxf7 61.b5  1-0

[Event "WYb18"]
[Site "Kemer TUR"]
[Date "2007.11.19"]
[Round "2"]
[White "Farkas,Ga1"]
[Black "Popov,Iv RUS"]
[Result "0-1"]
[WhiteElo "2333"]
[BlackElo "2539"]

1.d4 Nf6 2.Nf3 e6 3.c4 b6 4.g3 Ba6 5.b3 d5 6.Bg2 dxc4 7.Ne5 Bb4+ 8.Kf1 Bd6
9.Nxc4 Nd5 10.Bxd5 exd5 11.Nxd6+ Qxd6 12.Nc3 O-O 13.Bf4 Qe6 14.Kg2 Nd7 15.Qd2 c6
16.Rhe1 f5 17.f3 Rfe8 18.Rac1 h6 19.h4 Qf7 20.Rc2 Re6 21.Qc1 Qf6 22.Be3 Qe7
23.Bf2 Rf8 24.Nb1 Nb8 25.Nc3 Re8 26.Qf4 Qf6 27.Qc1 g5 28.hxg5 hxg5 29.Qd2 Nd7
30.Rh1 Qg6 31.f4 g4 32.e3 Nf6 33.Rcc1 R8e7 34.Rh4 Rh7 35.Rxh7 Qxh7 36.Rh1 Qd7
37.Qc2 Re7 38.Rc1 Re8 39.a4 Kg7 40.a5 Rh8 41.axb6 Kg6 42.Rh1 Rxh1 43.Kxh1 axb6
44.Be1 Qe7 45.Qd2 c5 46.Kg1 c4 47.bxc4 Bxc4 48.Na4 Qa3 49.Nxb6 Ne4 50.Nxc4 dxc4
51.Qe2 Qd3 52.Qa2 Qd1 53.Qa6+ Kh5 54.Qa5 Nxg3 55.e4 c3  0-1

[Event "WYg18"]
[Site "Kemer TUR"]
[Date "2007.11.19"]
[Round "2"]
[White "Gunina,V"]
[Black "Preethi,R"]
[Result "0-1"]
[WhiteElo "2359"]
[BlackElo "2125"]

1.d4 Nf6 2.c4 e6 3.Nf3 b6 4.g3 Ba6 5.b3 Bb7 6.Bg2 Bb4+ 7.Bd2 a5 8.O-O O-O
9.Bg5 h6 10.Bxf6 Qxf6 11.a3 Be7 12.Nc3 c5 13.e4 d6 14.e5 dxe5 15.dxe5 Qf5
16.Nh4 Bxh4 17.Bxb7 Ra7 18.Nb5 Rxb7 19.Nd6 Qxe5 20.Re1 Qf6 21.Nxb7 Qe7 22.Qf3 Bf6
23.Rad1 Bd4 24.b4 axb4 25.axb4 Qc7 26.Rb1 cxb4 27.Rec1 Nc6 28.c5 Qxb7 29.cxb6 Bc3
30.Rd1 Rb8 31.Rd6 Ne5 32.Rd8+ Kh7 33.Qxb7 Rxb7 34.Rc8 Rxb6 35.Kg2 Rd6 36.Rc7 Rd2
37.h4 Rd4 38.Kh3 Kg6 39.f4 Nc4 40.Rf1 Nd2 41.Rf2 Rd3 42.Rg2 Ne4 43.Rc4 Rd4
44.Rc6 b3 45.Re2 b2 46.Rb6 Nd2  0-1

[Event "WYb18"]
[Site "Kemer TUR"]
[Date "2007.11.20"]
[Round "3"]
[White "Melkumyan,H"]
[Black "Klimciauskas,D"]
[Result "1-0"]
[WhiteElo "2469"]
[BlackElo "2147"]

1.d4 Nf6 2.c4 e6 3.Nf3 b6 4.g3 Ba6 5.Qc2 Bb7 6.Bg2 c5 7.d5 exd5 8.cxd5 Nxd5
9.O-O Be7 10.Rd1 O-O 11.Qe4 Na6 12.Rxd5 Nb4 13.Nc3 Re8 14.Qc4 Ba6 15.Qf4 Nxd5
16.Nxd5 d6 17.e3 Bb7 18.Nd2 Bg5 19.Qc4 Qd7 20.b3 b5 21.Qd3 Rac8 22.Bb2 Be7
23.a4 bxa4 24.Rxa4 Bc6 25.Nxe7+ Rxe7 26.Rh4 h6 27.Bh3  1-0

[Event "20th Belgrade Trophy"]
[Site "Belgrade SRB"]
[Date "2007.11.22"]
[Round "1"]
[White "Radusinovic,L"]
[Black "Spassov,L"]
[Result "1/2-1/2"]
[WhiteElo "2070"]
[BlackElo "2410"]

1.d4 Nf6 2.c4 e6 3.Nf3 b6 4.g3 Ba6 5.Nbd2 d5 6.Bg2 Bd6 7.cxd5 exd5 8.O-O O-O
9.Re1 Re8 10.e4 Bb4 11.Ne5 Bb7 12.Qb3 c5 13.a3 Bxd2 14.Bxd2 cxd4 15.Nxf7 Kxf7
16.e5 Nbd7 17.exf6 Nxf6 18.Qd3 Ne4 19.Qxd4 Qf6 20.Qxf6+ Kxf6 21.Bxe4 dxe4
22.Be3 Red8 23.Red1 Rd3 24.Rxd3 exd3 25.Kf1 Rc8 26.Rc1 Rc2 27.Rxc2 dxc2 28.Ke2 g5  1/2-1/2

[Event "20th Belgrade Trophy"]
[Site "Belgrade SRB"]
[Date "2007.11.22"]
[Round "1"]
[White "Abramovic,B"]
[Black "Stankovic,Milo"]
[Result "1/2-1/2"]
[WhiteElo "2508"]
[BlackElo "2109"]

1.d4 Nf6 2.Nf3 e6 3.c4 b6 4.g3 Ba6 5.b3 Bb4+ 6.Bd2 Be7 7.Bg2 c6 8.Bc3 d5
9.Nbd2 O-O 10.Qc2 Nbd7 11.e4 dxe4 12.Nxe4 Nxe4 13.Qxe4 Rc8 14.O-O b5 15.Ne5 Nxe5
16.dxe5 Qc7 17.Rfd1 Rfd8 18.h4 Qb6 19.cxb5 cxb5 20.Bd4 Bc5 21.Bxc5 Qxc5 22.b4 Qc3
23.Qf4 Qc7 24.Rxd8+ Qxd8 25.Qe3 Rc7 26.Bf3 Bb7 27.Rd1 Qc8 28.Qd2 h6 29.Bxb7 Qxb7
30.Qd8+ Kh7 31.Qd3+ Kg8 32.h5 Rc4 33.a3 Qe4 34.Qxe4 Rxe4 35.Rd8+ Kh7 36.Rd7 Rxe5
37.Rxf7 Rxh5 38.Rxa7 Kg6 39.Kg2 Rd5 40.Ra5 Kf6 41.Kf3 h5 42.a4 bxa4 43.Rxa4 g5
44.Ra5 Rd4 45.Rb5 h4 46.gxh4 gxh4 47.Rb8 Ke5 48.b5 Rb4 49.Kg2 Kd6  1/2-1/2

[Event "WYb18"]
[Site "Kemer TUR"]
[Date "2007.11.22"]
[Round "5"]
[White "Grigoryan,Av"]
[Black "Enchev,I"]
[Result "1-0"]
[WhiteElo "2489"]
[BlackElo "2319"]

1.d4 Nf6 2.c4 e6 3.Nf3 b6 4.g3 Ba6 5.b3 Bb4+ 6.Bd2 Be7 7.Nc3 d5 8.cxd5 exd5
9.Bg2 O-O 10.O-O Re8 11.Qc2 Bf8 12.Ne5 h6 13.Rad1 c5 14.Bf4 Bb7 15.dxc5 bxc5
16.Nxd5 Nxd5 17.Qc4 Qf6 18.Bxd5 Bxd5 19.Rxd5 g5 20.Ng4 Qe6 21.Bxg5 hxg5 22.Rxg5+ Bg7
23.Qc3 f6 24.Nxf6+ Kf7 25.Rxg7+  1-0

[Event "WYg18"]
[Site "Kemer TUR"]
[Date "2007.11.22"]
[Round "5"]
[White "Mzhavia,K"]
[Black "Rakic,Ma"]
[Result "1/2-1/2"]
[WhiteElo "2024"]
[BlackElo "2232"]

1.d4 Nf6 2.c4 e6 3.Nf3 b6 4.g3 Ba6 5.Qc2 Bb7 6.Bg2 c5 7.O-O Be7 8.b3 O-O
9.Bb2 Nc6 10.Rd1 Rc8 11.Nc3 Qc7 12.a3 cxd4 13.Nxd4 Nxd4 14.Rxd4 Bxg2 15.Kxg2 d5
16.cxd5 Nxd5 17.Rc4 Qb7 18.Nxd5 Qxd5+ 19.Kg1 Rxc4 20.bxc4 Qc6 21.Rd1 Rc8
22.Qd3 Qxc4 23.Qxc4 Rxc4 24.Rd7 Bf8 25.Rxa7 f6 26.Rd7 Bc5 27.Rd2 e5 28.e3 Kf7
29.Rd3 Ke6 30.Rb3 Kd5 31.Bc3 Ra4 32.Bb2 h5 33.Kf1 h4 34.Ke2 g5 35.Rd3+ Ke6
36.f4 h3 37.fxe5 fxe5 38.Rc3 Kf5 39.Kf3 e4+ 40.Ke2 Kg4 41.Kf2 Kf5 42.Ke2 Ke6
43.Rc1 Ra5 44.Rf1 Rb5 45.Bd4 Bxd4 46.exd4 Rb3 47.Rf8 Rxa3 48.Rh8 g4 49.Rh5 Ra5
50.Rh6+ Kd5 51.Rxb6 Kxd4 52.Rb4+ Kd5 53.Rb2 Ra3 54.Rd2+ Kc4 55.Rc2+ Kd4 56.Rd2+ Rd3
57.Ra2 Rc3 58.Rd2+ Kc4 59.Rb2 Kd4 60.Rb4+ Rc4 61.Rb2 e3 62.Ra2 Ke4 63.Rb2 Rd4
64.Ra2 Rb4 65.Rc2 Rb3 66.Rc4+ Kf5 67.Rc5+ Kf6 68.Rc6+ Ke5 69.Rc2 Kd4 70.Ra2 Rb4
71.Rc2 Rb1 72.Ra2 Rb4  1/2-1/2

[Event "WYg18"]
[Site "Kemer TUR"]
[Date "2007.11.22"]
[Round "6"]
[White "Middelveld,M"]
[Black "Preethi,R"]
[Result "1-0"]
[WhiteElo "2009"]
[BlackElo "2125"]

1.d4 Nf6 2.c4 e6 3.Nf3 b6 4.g3 Ba6 5.Qc2 Bb7 6.Bg2 Be7 7.Nc3 c5 8.d5 d6 9.O-O e5
10.Nd2 O-O 11.e4 Ba6 12.b3 Nfd7 13.Bb2 Nf6 14.Rae1 Nbd7 15.f4 Ng4 16.Nf3 Bf6
17.h3 Nh6 18.Bc1 Kh8 19.Re2 Ng8 20.a4 Qe7 21.Nd1 Rfe8 22.Ne3 Nh6 23.Ng4 Nxg4
24.hxg4 h6 25.g5 exf4 26.gxf6 Nxf6 27.Bxf4 Rad8 28.Rfe1 Qd7 29.Bxd6 Qxd6
30.e5 Qc7 31.exf6 Rxe2 32.fxg7+ Kg8 33.Qxe2 Qxg3 34.Qe5 Qxe5 35.Nxe5 Bb7
36.Kf2 Kxg7 37.Bh3 a6 38.Nf3 Kf6 39.Nd2 Rg8 40.Ne4+ Kg6 41.Rg1+  1-0

[Event "20th Belgrade Trophy"]
[Site "Belgrade SRB"]
[Date "2007.11.23"]
[Round "2"]
[White "Scepanovic,R"]
[Black "Rajkovic,Du"]
[Result "0-1"]
[WhiteElo "2250"]
[BlackElo "2522"]

1.d4 Nf6 2.c4 e6 3.Nf3 b6 4.g3 Ba6 5.Qc2 Bb7 6.Bg2 c5 7.d5 exd5 8.cxd5 Nxd5
9.O-O Nc7 10.Rd1 Be7 11.Nc3 Nc6 12.Qf5 Qc8 13.Qh5 O-O 14.Bg5 Ne6 15.Bh3 Bxg5
16.Nxg5 Nxg5 17.Bxd7 Qc7 18.Qxg5 Nd4 19.Bg4 f5 20.Bh3 Rae8 21.Bg2 Bxg2 22.Kxg2 Qc6+
23.Kg1 b5 24.a3 a5 25.Rd3 h6 26.Qd2 b4 27.axb4 axb4 28.Na4 Nxe2+  0-1

[Event "20th Belgrade Trophy"]
[Site "Belgrade SRB"]
[Date "2007.11.23"]
[Round "2"]
[White "Dunjic,D"]
[Black "Bralic,D"]
[Result "1-0"]
[WhiteElo "2033"]
[BlackElo "2313"]

1.d4 Nf6 2.c4 e6 3.Nf3 b6 4.g3 Ba6 5.b3 Bb4+ 6.Bd2 Be7 7.Bg2 c6 8.Ne5 d5
9.Nc3 O-O 10.cxd5 exd5 11.O-O Nfd7 12.Nf3 Bb7 13.Qc2 Na6 14.a3 f5 15.h4 Nc7
16.b4 Ne6 17.Bh3 g6 18.Qb3 Nf6 19.e4 Ng7 20.e5 Nfh5 21.Bh6 Re8 22.Rfe1 Ne6
23.a4 Qd7 24.Rad1 Red8 25.Kh2 Rab8 26.Rg1 Nhg7 27.g4 f4 28.Ne2 Rf8 29.g5 Rf7
30.Bxg7 Kxg7 31.Nc3 Rd8 32.h5 Rff8 33.Ne4 dxe4 34.Bxe6 Qe8 35.Nh4 Bxb4 36.hxg6 hxg6
37.Bh3 a5 38.e6 Rh8 39.Rg4 Bc8 40.d5 cxd5 41.Qb2+ Kh7 42.Ng2 Kg8 43.Nxf4 Bxe6
44.Nxe6 Qxe6 45.Qxh8+  1-0

[Event "20th Belgrade Trophy"]
[Site "Belgrade SRB"]
[Date "2007.11.24"]
[Round "3"]
[White "Bozovic,V"]
[Black "Nesovanovic,M"]
[Result "1-0"]
[WhiteElo "2198"]
[BlackElo "1985"]

1.d4 Nf6 2.Nf3 e6 3.c4 b6 4.g3 Ba6 5.Nbd2 d5 6.Bg2 Be7 7.Ne5 O-O 8.O-O c5
9.cxd5 exd5 10.Ndf3 Ne4 11.dxc5 bxc5 12.Nd3 Nd7 13.Nfe5 Nxe5 14.Nxe5 Bf6
15.Nc6 Bxe2 16.Qxe2 Qb6 17.Bxe4 Rae8 18.Bxh7+ Kxh7 19.Qh5+ Kg8 20.Qxd5 Re6
21.Nxa7 Rd8 22.Qb3 Qxa7 23.Be3 Rb6 24.Qc4 Rxb2 25.a4 Bd4 26.Rfd1 Rb4 27.Qc2 Rdb8
28.Bxd4 cxd4 29.a5 Rb2 30.Qd3 R8b4 31.Ra3 g6 32.a6 Kg7 33.h4 Kh6 34.Qe4 d3
35.Qe3+ Qxe3 36.fxe3 Re2 37.a7 Rbb2 38.a8=Q Kg7 39.Raxd3  1-0

[Event "WYg18"]
[Site "Kemer TUR"]
[Date "2007.11.24"]
[Round "7"]
[White "Minina,A"]
[Black "Ignacz,M"]
[Result "0-1"]
[WhiteElo "2084"]
[BlackElo "2223"]

1.d4 Nf6 2.c4 e6 3.Nf3 b6 4.g3 Ba6 5.b3 Bb4+ 6.Bd2 Be7 7.Bg2 c6 8.Nc3 d5
9.cxd5 exd5 10.O-O O-O 11.Re1 Nbd7 12.e4 Nxe4 13.Nxe4 dxe4 14.Rxe4 Nf6 15.Re1 Bb7
16.b4 c5 17.dxc5 bxc5 18.bxc5 Bxc5 19.Nh4 Bxg2 20.Nxg2 Rb8 21.Be3 Bxe3 22.Nxe3 Qa5
23.Qf3 Rfe8 24.Red1 Qa3 25.Qf4 Rb4 26.Qf5 Rbe4 27.Rdb1 Qd3 28.Rd1 Qa6 29.Rdb1 h6
30.a3 Qd3 31.Rd1 Qa6 32.Rdb1 R4e5 33.Qf4 Qe6 34.Rf1 Ne4 35.Ng2 Ng5 36.Kh1 Re4
37.Rfe1 Qc6 38.Rxe4 Rxe4 39.Qb8+ Re8 40.Qb2 Nf3 41.Rd1 Ne1 42.f4 Qf3  0-1

[Event "WYb14"]
[Site "Kemer TUR"]
[Date "2007.11.26"]
[Round "9"]
[White "Grandadam,N"]
[Black "Setkauskas,V"]
[Result "0-1"]
[WhiteElo "2060"]
[BlackElo "1926"]

1.Nf3 Nf6 2.c4 b6 3.d4 e6 4.g3 Ba6 5.Qc2 Bb7 6.Bg2 c5 7.d5 exd5 8.cxd5 Bxd5
9.Nc3 Bc6 10.e4 Be7 11.Bf4 Na6 12.O-O-O b5 13.Ne5 Qb6 14.Nxc6 dxc6 15.e5 Nb4
16.Qe2 Nfd5 17.Nxd5 Nxd5 18.Qg4 g6 19.Bh6 Bf8 20.Bxf8 Kxf8 21.h4 h5 22.Qe2 Kg7
23.Bxd5 cxd5 24.Rxd5 Rhd8 25.Rxd8 Rxd8 26.g4 Qe6 27.gxh5 Qxa2 28.Rh3 Rd4
29.Rc3 b4 30.h6+ Kh7 31.Rd3 Qa1+ 32.Kc2 b3+ 33.Rxb3 Qa4 34.Qb5 Qa1 35.Rd3 Qf1
36.Qb3 Qxf2+ 37.Kb1 c4 38.Qb8 Rxd3 39.Qf8 Qe1+ 40.Kc2 Qd1+  0-1

[Event "WYg18"]
[Site "Kemer TUR"]
[Date "2007.11.26"]
[Round "9"]
[White "Gunina,V"]
[Black "Yildiz,B"]
[Result "1-0"]
[WhiteElo "2359"]
[BlackElo "2220"]

1.d4 Nf6 2.c4 e6 3.Nf3 b6 4.g3 Ba6 5.b3 b5 6.cxb5 Bxb5 7.Bg2 d5 8.O-O Nbd7
9.Nc3 Ba6 10.Ne5 Bd6 11.Bf4 O-O 12.Qc1 Nb6 13.Re1 c5 14.e4 cxd4 15.Nc6 Bxf4
16.Qxf4 Qe8 17.Nxd5 exd5 18.exd5 Qd7 19.d6 Rad8 20.Nxd8 Rxd8 21.Qxd4 Nc8
22.Rac1 Nxd6 23.Red1 Be2 24.Qxd6 Bxd1 25.Qxd7 Nxd7 26.Rxd1 Kf8 27.Bc6 Ke7
28.Bxd7  1-0

[Event "20th Belgrade Trophy"]
[Site "Belgrade SRB"]
[Date "2007.11.27"]
[Round "6"]
[White "Martinovic,Sl"]
[Black "Irizanin,R"]
[Result "1-0"]
[WhiteElo "2447"]
[BlackElo "2325"]

1.d4 Nf6 2.Nf3 e6 3.c4 b6 4.g3 Ba6 5.b3 b5 6.cxb5 Bxb5 7.Bg2 Bc6 8.O-O Qc8
9.Nbd2 a5 10.a3 Qb7 11.Bb2 Be7 12.Re1 Ne4 13.Bf1 Nxd2 14.Nxd2 f5 15.d5 Bxd5
16.e4 fxe4 17.Bxg7 Rg8 18.Qh5+ Kd8 19.Qxh7 e5 20.Bc4 d6 21.Nxe4 Nd7 22.Nc3 Bxc4
23.bxc4 Re8 24.Nd5 c6 25.Nxe7 Rxe7 26.Qh4 Ke8 27.Qh8+ Kf7 28.Qh7 Nf6 29.Bxf6+ Kxf6
30.Qh6+ Kf7 31.Qxd6 Re6 32.Qd3 Rh8 33.Qf5+ Rf6 34.Qxe5 Qd7 35.Qe4 Rfh6 36.Rad1  1-0

[Event "20th Belgrade Trophy"]
[Site "Belgrade SRB"]
[Date "2007.11.27"]
[Round "6"]
[White "Scepanovic,R"]
[Black "Perunovic,Mio"]
[Result "0-1"]
[WhiteElo "2250"]
[BlackElo "2407"]

1.d4 Nf6 2.c4 e6 3.Nf3 b6 4.g3 Ba6 5.Qc2 Bb7 6.Bg2 c5 7.d5 exd5 8.cxd5 Nxd5
9.O-O Be7 10.Rd1 Nc6 11.Qf5 Nf6 12.Nc3 O-O 13.e4 g6 14.Qf4 d6 15.b3 Nh5 16.Qe3 Bf6
17.Bb2 Nd4 18.Nxd4 cxd4 19.Rxd4 Bxd4 20.Qxd4 Qf6 21.Qd2 Qe7 22.Nb5 Rad8 23.Rc1 f6
24.Rc7 Rd7 25.Rxd7 Qxd7 26.Nxd6 Rd8 27.e5 Bxg2 28.Kxg2 Qe6 29.f4 Ng7 30.Qc2 fxe5
31.fxe5 Qd5+ 32.Kg1 Ne6 33.Qc4 Qxc4 34.bxc4 Rf8 35.Kg2 Nc5 36.Bd4 Ne6 37.Be3 Rd8
38.Kf3 Kf8 39.Ke4 Ke7 40.Bh6 Kd7 41.h4 Kc6 42.Be3 Rf8 43.Bf4 Kc5 44.a3 Nc7
45.Be3+ Kc6 46.Bf4 a6 47.Kd4 b5 48.cxb5+ axb5 49.Ke4 Ra8 50.Bc1 Ra4+ 51.Kd3 Kd5
52.Nf7 Ne6 53.Nd6 Rg4  0-1

[Event "WYg18"]
[Site "Kemer TUR"]
[Date "2007.11.28"]
[Round "11"]
[White "Rakic,Ma"]
[Black "Yildiz,B"]
[Result "1/2-1/2"]
[WhiteElo "2232"]
[BlackElo "2220"]

1.d4 Nf6 2.c4 e6 3.Nf3 b6 4.g3 Ba6 5.Nbd2 d5 6.Bg2 Bd6 7.Ne5 O-O 8.O-O Bb7
9.Ndf3 Ne4 10.b3 Qe7 11.h4 c5 12.Bb2 cxd4 13.cxd5 Bxd5 14.Bxd4 Qb7 15.Ng4 Nd7
16.Qc1 Rac8 17.Qb2 f6 18.Ne3 Bc6 19.b4 b5 20.Qb3 Rfe8 21.Bh3 Nf8 22.Rac1 Kh8
23.Rc2 Bc7 24.h5 Bb6 25.Bg2 Nd6  1/2-1/2

[Event "WYb16"]
[Site "Kemer TUR"]
[Date "2007.11.28"]
[Round "11"]
[White "Rajesh,VA"]
[Black "Adhiban,B"]
[Result "1/2-1/2"]
[WhiteElo "2189"]
[BlackElo "2422"]

1.d4 Nf6 2.c4 e6 3.Nf3 b6 4.g3 Ba6 5.Qa4 c5 6.Bg2 Bb7 7.O-O cxd4 8.Nxd4 Bxg2
9.Kxg2 a6 10.Bf4 Qc8 11.Nc3 Be7 12.Rfd1 O-O 13.e4 Qb7 14.Bxb8 Rfxb8 15.f3 Rc8
16.Rac1 Rc7 17.Qb3 Rac8 18.Nce2 d6 19.Qd3 Nd7 20.b3 g6 21.Nc3 Nf6 22.Qe3 Qa8
23.Nde2 Qb7 24.Nd4 Rd7 25.Na4 Rdc7 26.Nc3 Bf8 27.Nde2 Nd7 28.Nd4 Bg7 29.Nde2 Bf8
30.Nd4 Nf6 31.Nde2 Be7 32.Nd4 Qa8 33.Nde2 Rb8 34.a4 Qb7 35.Ra1 Rc5 36.Nf4 Rbc8
37.Ra2 Bf8 38.Rad2 Qb8 39.Nd3 R5c7 40.Nf4  1/2-1/2